Rafael Canogar (Record no. 7549)
[ view plain ]
| 000 - LÍDER | |
|---|---|
| campo de control de longitud fija | 00864nam a2200205Ia 4500 |
| 008 - ELEMENTOS DE DATOS DE LONGITUD FIJA - INFORMACIÓN GENERAL | |
| campo de control de longitud fija | 0000001982 sp ad 0000000000spa00 |
| 090 ## - NÚMERO DE LLAMADA DE TIPO LC LOCALMENTE ASIGNADO (OCLC) | |
| Número de clasificación (OCLC) (R) | PSP00 C15r |
| 100 1# - ENTRADA PRINCIPAL - NOMBRE PERSONAL | |
| Nombre de la persona | Canogar, Rafael |
| Fechas asociadas a un nombre | 1935 |
| 245 10 - TÍTULO DECLARACIÓN | |
| Título | Rafael Canogar |
| Resto del título | : 25 años de pintura |
| Declaración de responsabilidad | / coordinación Paloma Alarcó Canosa |
| 260 ## - PUBLICACIÓN, DISTRIBUCIÓN | |
| Lugar de publicación | Madrid : Ministerio de Cultura, Dirección General de Bellas Artes, Archivos y Bibliotecas |
| Fecha de publicación | 1982 |
| 300 ## - DESCRIPCIÓN FÍSICA | |
| Alcance | 178 p. |
| Dimensiones | / 31 cm. |
| 500 ## - NOTA GENERAL | |
| Nota general | Exposición realizada en la Sala de la Biblioteca Nacional, Madrid, Septiembre Octubre, 1982 \ Con el patronazgo de la empresa colombiana PLARESA |
| 600 00 - ENTRADA DE SUJETO AÑADIDO - NOMBRE PERSONAL | |
| Nombre de la persona | CANOGAR, RAFAEL, 1935/ |
| Subdivisión general | TRABAJOS PICTORICOS |
| 650 14 - ENTRADA DE SUJETO AÑADIDO - TÉRMINO TÓPICO | |
| Término tópico o elemento de entrada del nombre geográfico | ARTE CONTEMPORANEO ESPAÑOL |
| 650 14 - ENTRADA DE SUJETO AÑADIDO - TÉRMINO TÓPICO | |
| Subdivisión general | CATALOGOS |
| 650 14 - ENTRADA DE SUJETO AÑADIDO - TÉRMINO TÓPICO | |
| Subdivisión general | EXPOSICIONES |
| 650 14 - ENTRADA DE SUJETO AÑADIDO - TÉRMINO TÓPICO | |
| Término tópico o elemento de entrada del nombre geográfico | PINTORES ESPAÑOLES |
| 650 14 - ENTRADA DE SUJETO AÑADIDO - TÉRMINO TÓPICO | |
| Término tópico o elemento de entrada del nombre geográfico | PINTURA ESPAÑOLA |
| 700 1# - ENTRADA AGREGADA - NOMBRE PERSONAL | |
| Nombre de la persona | Alarcó Canosa, Paloma |
| Estado de retirada | Pérdida de estatus | Estado dañado | No para préstamo | Código de recogida | Ubicación permanente | Ubicación actual | Ubicación de las estanterías | Fecha de adquisición | Número de llamada completo | Código de barras | Fecha de la última vez que se vio | Número de copia | Precio efectivo desde | Tipo de artículo Koha |
|---|---|---|---|---|---|---|---|---|---|---|---|---|---|---|
| General | ArtNexus | ArtNexus | General | 06/09/2022 | P-SP-00 C15R | 7552 | 06/09/2022 | Ej.1 | 06/09/2022 | Libro |